Monsoon feelings: A history of emotions in the rain (Record no. 395077)

MARC details
000 -LEADER
fixed length control field 00586 a2200217 4500
005 - DATE & TIME
control field 20260210112100.0
008 - FIXED-LENGTH DATA ELEMENTS--GENERAL INFORMATION
fixed length control field 260209b |||||||| |||| 00| 0 eng d
020 ## - ISBN
International Standard Book Number 9789386906472
Price Rs. 1750.00
040 ## - CATALOGING SOURCE
Original cataloging agency VIVEKANANDA LIBRARY
082 ## - DDC NUMBER
Classification number 701.09
Book Number R137M
100 ## - MAIN ENTRY--PERSONAL NAME
Personal name Rajamani, Imke
245 ## - TITLE STATEMENT
Title Monsoon feelings: A history of emotions in the rain
260 ## - PUBLICATION, DISTRIBUTION, ETC. (IMPRINT)
Name of publisher, distributor, etc Niyogi Books
Place of publication, distribution, etc New Delhi
Date of publication, distribution, etc 2018
300 ## - PHYSICAL DESCRIPTION
Pages 479
650 ## - Subject
Subject Visual Arts
650 ## - Subject
Subject Theory of Arts
650 ## - Subject
Subject Indian Arts
700 ## - Added Entry Personal Name
Added Entry Personal Name Pernau, Margrit (ed.)
700 ## - Added Entry Personal Name
Added Entry Personal Name Schofield, Katherine Butler
942 ## - ADDED ENTRY ELEMENTS (KOHA)
Koha item type Books
Holdings
Withdrawn status Lost status Source of classification or shelving scheme Damaged status Not for loan Location (home branch) Sublocation or collection (holding branch) Shelving location Date acquired Koha issues (times borrowed) Koha full call number Accession No. Koha date last seen Koha item type
    Dewey Decimal Classification     VIVEKANANDA LIBRARY VIVEKANANDA LIBRARY Vivekananda Library 27/01/2026   701.09 R137M 444315 27/01/2026 Books
© Designed and Maintained by Vivekananda Library, MDU Rohtak